[Event "22nd OIBM 2018"]
[Site "Gmund am Tegernsee"]
[Date "2018.10.28"]
[Round "2"]
[White "Brychcy, Felix"]
[Black "Hacker, Jonas"]
[Result "0-1"]
[WhiteElo "2081"]
[BlackElo "2345"]
[Annotator "NA"]
[PlyCount "64"]
[EventDate "2018.10.27"]
[EventType "swiss"]
[EventCountry "GER"]
[SourceTitle "playchess.com"]
[Source "ChessBase"]
[SourceQuality "1"]
[TimeControl "40/5400+30:1800+30"]

1. d4 {[%emt 0:00:00]} d5 {[%emt 0:00:00]} 2. Bf4 {[%emt 0:00:00]} Nf6 {[%emt 0:00:03]} 3. e3 {[%emt 0:00:00]} c5 {[%emt 0:00:44]} 4. c3 {[%emt 0:00:01]} Nc6 {[%emt 0:00:18]} 5. Nd2 {[%emt 0:01:57]} e6 {[%emt 0:00:09]} 6. Ngf3 {[%emt 0:00:26]} Bd6 {[%emt 0:00:15]} 7. Bg3 {[%emt 0:00:50]} O-O {[%emt 0:00:16]} 8. Bd3 {[%emt 0:00:31]} b6 {[%emt 0:00:23]} 9. e4 {[%emt 0:00:57]} Be7 {[%emt 0:00:20]} 10. e5 {[%emt 0:00:18]} Nh5 {[%emt 0:00:24]} 11. Ng5 {[%emt 0:19:39]} Bxg5 {[%emt 0:00:28]} 12. Qxh5 {[%emt 0:00:45]} g6 {[%emt 0:00:06]} 13. Qe2 {[%emt 0:04:29]} cxd4 {[%emt 0:00:07]} 14. Nf3 {[%emt 0:37:22]} dxc3 {[%emt 0:12:06]} 15. bxc3 {[%emt 0:06:45]} f5 {[%emt 0:32:05]} 16. Nxg5 {[%emt 0:07:18]} Qxg5 {[%emt 0:00:09]} 17. h4 {[%emt 0:04:32]} Qh6 {[%emt 0:14:41]} 18. f4 {[%emt 0:02:49]} Bd7 {[%emt 0:01:30]} 19. Qe3 {[%emt 0:04:52]} Rac8 {[%emt 0:06:03]} 20. Kd2 {[%emt 0:03:19]} Be8 {[%emt 0:04:22]} 21. h5 {[%emt 0:00:21]} gxh5 {[%emt 0:01:10]} 22. Bh4 {[%emt 0:01:19]} Bg6 {[%emt 0:05:16]} 23. Rab1 {[%emt 0:01:53]} Rf7 {[%emt 0:03:00]} 24. Ba6 {[%emt 0:00:53]} Rcc7 {[%emt 0:01:47]} 25. Bb5 {[%emt 0:00:09]} Na5 {[%emt 0:01:47]} 26. Rb4 {[%emt 0:00:00]} Rf8 {[%emt 0:01:29]} 27. Rh3 {[%emt 0:01:00]} Rfc8 {[%emt 0:01:18]} 28. Bg5 {[%emt 0:00:56]} Qf8 {[%emt 0:00:52]} 29. Ba6 {[%emt 0:00:35]} Rxc3 {[%emt 0:06:36]} 30. Qxc3 {[%emt 0:00:02]} Rxc3 {[%emt 0:00:08]} 31. Rxc3 {[%emt 0:00:03]} Qxb4 {[%emt 0:00:12]} 32. Kc2 {[%emt 0:00:30]} Nc4 {[%emt 0:00:20]} 0-1

[Event "22nd OIBM 2018"]
[Site "Gmund am Tegernsee"]
[Date "2018.10.28"]
[Round "2"]
[White "Billio, Atto"]
[Black "Bussard, Christian"]
[Result "1/2-1/2"]
[WhiteElo "2074"]
[BlackElo "2283"]
[Annotator "NA"]
[PlyCount "77"]
[EventDate "2018.10.27"]
[EventType "swiss"]
[EventCountry "GER"]
[SourceTitle "playchess.com"]
[Source "ChessBase"]
[SourceQuality "1"]
[TimeControl "40/5400+30:1800+30"]

1. d4 {[%emt 0:00:00]} g6 {[%emt 0:00:00]} 2. Nf3 {[%emt 0:00:00]} Bg7 {[%emt 0:00:00]} 3. g3 {[%emt 0:00:00]} d6 {[%emt 0:02:05]} 4. Bg2 {[%emt 0:00:00]} Nf6 {[%emt 0:00:49]} 5. O-O {[%emt 0:00:07]} O-O {[%emt 0:00:37]} 6. c4 {[%emt 0:00:06]} Nc6 {[%emt 0:04:09]} 7. Nc3 {[%emt 0:00:07]} Bg4 {[%emt 0:03:18]} 8. h3 {[%emt 0:01:37]} Bxf3 {[%emt 0:01:00]} 9. Bxf3 {[%emt 0:00:03]} Nd7 {[%emt 0:00:30]} 10. e3 {[%emt 0:06:34]} e5 {[%emt 0:00:29]} 11. d5 {[%emt 0:05:08]} Ne7 {[%emt 0:00:51]} 12. Bg2 {[%emt 0:00:28]} f5 {[%emt 0:01:33]} 13. f4 {[%emt 0:00:32]} a5 {[%emt 0:06:42]} 14. Qc2 {[%emt 0:01:33]} Nc5 {[%emt 0:02:56]} 15. b3 {[%emt 0:00:15]} e4 {[%emt 0:03:53]} 16. Rd1 {[%emt 0:05:00]} c6 {[%emt 0:09:16]} 17. Rb1 {[%emt 0:05:32]} Nd3 {[%emt 0:08:48]} 18. dxc6 {[%emt 0:01:15]} bxc6 {[%emt 0:11:28]} 19. Ba3 {[%emt 0:04:21]} Qb6 {[%emt 0:10:36]} 20. Rxd3 {[%emt 0:05:09]} exd3 {[%emt 0:00:30]} 21. Qxd3 {[%emt 0:00:03]} Rad8 {[%emt 0:02:57]} 22. Kh2 {[%emt 0:02:08]} Qc7 {[%emt 0:02:35]} 23. Rd1 {[%emt 0:02:14]} Kh8 {[%emt 0:03:28]} 24. Ne2 {[%emt 0:13:25]} c5 {[%emt 0:00:04]} 25. Nc3 {[%emt 0:00:33]} Nc8 {[%emt 0:00:01]} 26. e4 {[%emt 0:05:58]} Qf7 {[%emt 0:03:45]} 27. e5 {[%emt 0:02:59]} Qe8 {[%emt 0:02:33]} 28. exd6 {[%emt 0:02:29]} Nxd6 {[%emt 0:00:29]} 29. Bd5 {[%emt 0:03:19]} Nb7 {[%emt 0:10:18]} 30. Qf3 {[%emt 0:01:11]} Rb8 {[%emt 0:01:59]} 31. Bxb7 {[%emt 0:01:47]} Rxb7 {[%emt 0:00:23]} 32. Qxb7 {[%emt 0:00:45]} Qe3 {[%emt 0:03:28]} 33. Bb2 {[%emt 0:03:44]} Bxc3 {[%emt 0:01:13]} 34. Bxc3+ {[%emt 0:00:19]} Qxc3 {[%emt 0:00:22]} 35. Qd7 {[%emt 0:06:22]} a4 {[%emt 0:02:14]} 36. Qd2 {[%emt 0:04:02]} Qxd2+ {[%emt 0:01:14]} 37. Rxd2 {[%emt 0:00:02]} Re8 {[%emt 0:01:19]} 38. bxa4 {[%emt 0:03:07]} Re4 {[%emt 0:00:03]} 39. Rd5 {[%emt 0:12:13]} 1/2-1/2

[Event "22nd OIBM 2018"]
[Site "Gmund am Tegernsee"]
[Date "2018.10.28"]
[Round "2"]
[White "Kick, Joachim"]
[Black "Ries, Berthold"]
[Result "1-0"]
[WhiteElo "2070"]
[BlackElo "1862"]
[Annotator "NA RC"]
[PlyCount "21"]
[EventDate "2018.10.27"]
[EventType "swiss"]
[EventCountry "GER"]
[SourceTitle "playchess.com"]
[Source "ChessBase"]
[SourceQuality "1"]
[TimeControl "40/5400+30:1800+30"]

1. Nf3 {[%emt 0:00:00]} c5 {[%emt 0:00:00]} 2. c4 {[%emt 0:00:00]} Nc6 {[%emt 0:00:00]} 3. d4 {[%emt 0:00:19]} cxd4 {[%emt 0:00:05]} 4. Nxd4 {[%emt 0:00:07]} Nf6 {[%emt 0:01:19]} 5. g3 {[%emt 0:00:44]} d6 {[%emt 0:05:33]} 6. Bg2 {[%emt 0:00:25]} Bd7 {[%emt 0:00:10]} 7. Nc3 {[%emt 0:01:11]} g6 {[%emt 0:01:04]} 8. Nc2 {[%emt 0:03:32]} Bg7 {[%emt 0:06:45]} 9. O-O {[%emt 0:00:11]} O-O {[%emt 0:02:41]} 10. b3 {[%emt 0:08:04]} Ne4 {[%emt 0:08:30]} 11. Nxe4 {[%emt 0:03:40]} 1-0

[Event "22nd OIBM 2018"]
[Site "Gmund am Tegernsee"]
[Date "2018.10.28"]
[Round "2"]
[White "Boehm, Uwe"]
[Black "Hess, Max"]
[Result "0-1"]
[WhiteElo "2065"]
[BlackElo "2326"]
[Annotator "TA"]
[PlyCount "106"]
[EventDate "2018.10.27"]
[EventType "swiss"]
[EventCountry "GER"]
[SourceTitle "playchess.com"]
[Source "ChessBase"]
[SourceQuality "1"]

{[%evp 22,106,4,-9,-9,-6,12,0,0,0,0,-12,0,0,12,-2,-5,-19,-15,-15,-14,-8,24,-18,-14,-21,-20,-26,0,-8,0,-11,-3,-25,0,-16,0,-29,1,1,15,10,19,19,18,6,13,0,0,0,-5,-4,-4,-5,-5,-7,-6,-35,-35,-31,-25,-29,-28,-25,29,20,21,30,46,52,116,92,163,83,138,-33,-30,-55,-49,-264,-252,-404,-389,-718,-710,-29989,-29990]} 1. d4 Nf6 2. Nf3 g6 3. Bg5 Bg7 4. Nbd2 O-O 5. c3 d6 6. e4 c5 7. dxc5 dxc5 8. Be2 Nc6 9. O-O Qc7 10. Re1 {A48: 1 d4 Nf6 2 Nf3 g6: Torre, London and Colle Systems} b6 11. h3 Bb7 12. Qc2 {LiveBook: 3 Games. The position is equal.} h6 13. Be3 Rad8 14. Rad1 {[#]} Nh5 $146 ({Predecessor:} 14... Rd7 15. Nc4 Rxd1 16. Rxd1 {½-½ (68) Sokolov,I (2646)-Ganguly,S (2614) Linares 2014}) 15. Nh2 Nf4 16. Bf1 Bc8 17. Ndf3 g5 18. Qc1 Ng6 19. Bd3 Nce5 20. Nxe5 Nxe5 21. Be2 Bb7 22. f3 Ng6 23. Rxd8 Rxd8 24. Rd1 Rf8 25. Qc2 Bc8 26. Nf1 Be6 27. a4 Qc8 28. Nh2 {[%cal Bf1h2,Bh2g4,Bg4e3,Be3d5][%mdl 32]} Qc7 29. Ng4 Nh4 {[#] Hoping for ...Qg3.} 30. Bf2 h5 31. Ne3 Ng6 32. Bc4 Bc8 33. Bf1 Be5 34. Nd5 Qb7 35. Be2 e6 36. Ne3 Bb8 37. Rd2 Qc7 38. Nf1 $1 Qe7 39. Bc4 Kg7 40. Rd1 g4 41. hxg4 hxg4 42. fxg4 Ne5 (42... Qg5 $142) 43. Be2 $11 Qg5 44. Qd2 Qg6 45. g5 Rh8 (45... Kg8 $14) 46. Ng3 $16 Nc6 {[#]} (46... f6 $16) 47. Qe3 (47. b4 $1 $18) 47... Bc7 (47... a5 $142) 48. Qf3 $2 ({Better is} 48. b4 $16) 48... Qxg5 $15 49. Nh5+ Kg6 $1 {[%cal Rg5h5]} 50. e5 $2 (50. Bg3 $15 Bxg3 51. Qxg3) 50... Nxe5 $19 ({Not} 50... Rxh5 51. Qxc6 Qxe5 52. Bxh5+ Qxh5 53. Qf3 $14) 51. Qe4+ $2 (51. Nf4+ Kf5 52. Bd3+ Kf6 53. Qg3) 51... f5 52. Qa8 $2 (52. Qe3 Rxh5 53. Bxh5+ Qxh5 54. Qg3+ Qg5 55. Qxg5+ Kxg5 56. a5) 52... Ng4 53. Qxa7 Qxh5 {Precision: White = 35%, Black = 49%.} 0-1

[Event "22nd OIBM 2018"]
[Site "Gmund am Tegernsee"]
[Date "2018.10.28"]
[Round "2"]
[White "Roettig, Hans-Peter"]
[Black "Wacker, Peter"]
[Result "0-1"]
[WhiteElo "2028"]
[BlackElo "2313"]
[Annotator "TA"]
[PlyCount "98"]
[EventDate "2018.10.27"]
[EventType "swiss"]
[EventCountry "GER"]
[SourceTitle "playchess.com"]
[Source "ChessBase"]
[SourceQuality "1"]

{[%evp 19,98,0,0,0,13,-10,4,-10,23,18,64,12,38,30,81,36,32,0,24,23,38,46,42,48,62,59,63,51,61,44,84,71,72,95,115,88,99,0,0,14,27,-99,-83,-230,-251,-302,-303,-288,-311,-323,-315,-294,0,12,10,20,0,-470,-115,-1100,-1087,-1064,-1050,-1149,-1113,-1191,-1119,-1012,-970,-1262,-1260,-1407,-1361,-1923,-2012,-1994,-1952,-2975,-3036,-29991,-1765]} 1. e4 e5 2. Nf3 Nc6 3. Bb5 Nge7 4. c3 a6 5. Ba4 g6 6. d4 {C70: Ruy Lopez: 3...a6 4 Ba4, Norwegian and Delayed Schliemann} exd4 7. cxd4 b5 8. Bb3 Bg7 9. Nc3 (9. O-O O-O 10. Nc3 d6 11. h3 Na5 12. Bc2 c5 13. dxc5 dxc5 14. Qxd8 Rxd8 {0-1 (65) Vachier Lagrave,M (2789)-Mamedyarov,S (2808) Leuven 2018}) 9... Na5 10. Bc2 O-O {LiveBook: 4 Games} 11. d5 d6 12. h3 $146 ({Predecessor:} 12. O-O b4 13. Ne2 {0-1 (42) Aguero Jimenez,L (2482)-Petrov,N (2591) Barcelona 2018}) 12... Bb7 13. O-O c5 14. Ne2 Bc8 15. Ng3 (15. Rb1 $14) 15... Bd7 16. Rb1 Rc8 (16... Nc4 $11) 17. Bf4 Nc4 18. Qc1 f6 19. Bh6 Qb6 20. Bxg7 Kxg7 21. Nh4 $36 {[%mdl 2048] White has some pressure.} Qa5 22. Bd3 Ne5 ({Don't play} 22... Qxa2 $6 23. Bxc4 Qxc4 24. Qf4 $16) 23. Be2 c4 24. Qe3 b4 25. f4 Nf7 26. Nf3 Rfe8 27. Qf2 f5 {[%cal Bf6f5,Bf5e4,Be4e3][%mdl 32]} 28. Kh2 (28. Qd4+ $16 Kg8 29. Rfc1 (29. Bxc4 fxe4 30. Nxe4 Nf5 $14)) 28... Qc5 $1 $11 {[%cal Rc5f2] Hoping for ...Qxf2.} 29. Nd4 fxe4 30. f5 (30. Nxe4 $11 {remains equal.} Qxd5 31. Bf3) 30... e3 $1 $17 {[%cal Re3f2]} 31. Qf4 (31. Qxe3 $17 {is the only way for White.} Nxd5 32. Qf2) 31... Nxd5 $19 32. Qh4 {Strongly threatening fxg6.} g5 $1 {[%cal Rg5h4]} 33. Nh5+ Kh6 34. Qg4 Ne5 35. Qe4 {[#] With the idea Ne6!} Nf3+ $2 ({Black should try} 35... Nf4 $1 $19 36. Nf6 (36. Rxf4 $2 d5 $19) (36. Nxf4 Ng4+) 36... Nxe2 37. Nxe2 Bc6) 36. Qxf3 $11 {Rbd1 is the strong threat.} Qxd4 37. Rbd1 Qe5+ 38. Ng3 $2 {[%mdl 8192] [#]} (38. Kg1 $11 {and White is okay.} Bc6 39. h4) 38... Nf4 $2 (38... Nf6 $1 $19 {and Black stays clearly on top.} 39. Qb7 d5 40. Qxb4 Rb8) 39. Kh1 $2 {[%mdl 8192]} (39. Qg4 $17 Rg8 40. Rc1) 39... Bc6 $19 40. Qg4 Bxg2+ 41. Kh2 Bxh3 42. Qxh3+ Nxh3 43. Kxh3 Rf8 44. Kg4 d5 {[%cal Bd6d5,Bd5d4,Bd4d3][%mdl 32]} 45. Rh1+ Kg7 46. f6+ Kh8 47. Nh5 d4 48. Rdf1 d3 49. Nf4 Qxf4+ {Precision: White = 42%, Black = 41%.} (49... gxf4 $142 50. Rh5 dxe2 51. Rxh7+ Kxh7 52. Rh1+ Kg6 53. Rg1 Qg5+ 54. Kf3 Qxg1 55. Ke4 Qg2+ 56. Kd4 Kxf6 57. b3 Rfd8#) 0-1

[Event "22nd OIBM 2018"]
[Site "Gmund am Tegernsee"]
[Date "2018.10.28"]
[Round "2"]
[White "Schoen, Rudolf"]
[Black "Rietze, Clemens"]
[Result "1/2-1/2"]
[WhiteElo "1997"]
[BlackElo "2293"]
[Annotator "NA"]
[PlyCount "70"]
[EventDate "2018.10.27"]
[EventType "swiss"]
[EventCountry "GER"]
[SourceTitle "playchess.com"]
[Source "ChessBase"]
[SourceQuality "1"]
[TimeControl "40/5400+30:1800+30"]

1. e4 {[%emt 0:00:00]} c5 {[%emt 0:00:00]} 2. Nc3 {[%emt 0:00:00]} Nc6 {[%emt 0:00:00]} 3. f4 {[%emt 0:00:00]} g6 {[%emt 0:00:00]} 4. Nf3 {[%emt 0:00:01]} Bg7 {[%emt 0:00:00]} 5. Bb5 {[%emt 0:00:10]} Nd4 {[%emt 0:00:00]} 6. O-O {[%emt 0:00:14]} a6 {[%emt 0:00:22]} 7. Bd3 {[%emt 0:00:27]} e6 {[%emt 0:00:30]} 8. e5 {[%emt 0:02:14]} Nxf3+ {[%emt 0:12:48]} 9. Qxf3 {[%emt 0:00:32]} d5 {[%emt 0:00:05]} 10. exd6 {[%emt 0:07:09]} Qxd6 {[%emt 0:05:13]} 11. b3 {[%emt 0:07:35]} Bd4+ {[%emt 0:16:14]} 12. Kh1 {[%emt 0:00:13]} Nf6 {[%emt 0:00:03]} 13. Bb2 {[%emt 0:06:34]} O-O {[%emt 0:04:30]} 14. Na4 {[%emt 0:03:18]} Nd7 {[%emt 0:05:34]} 15. Rae1 {[%emt 0:07:05]} Rb8 {[%emt 0:00:45]} 16. Nc3 {[%emt 0:07:22]} Qc7 {[%emt 0:02:30]} 17. a4 {[%emt 0:01:59]} Nf6 {[%emt 0:03:26]} 18. Nd1 {[%emt 0:01:49]} Bxb2 {[%emt 0:01:56]} 19. Nxb2 {[%emt 0:03:42]} b5 {[%emt 0:01:06]} 20. axb5 {[%emt 0:01:01]} axb5 {[%emt 0:00:02]} 21. Qe2 {[%emt 0:01:17]} Bd7 {[%emt 0:04:45]} 22. Qe5 {[%emt 0:03:23]} Qxe5 {[%emt 0:01:26]} 23. fxe5 {[%emt 0:00:52]} Nd5 {[%emt 0:01:16]} 24. Be4 {[%emt 0:00:59]} Bc6 {[%emt 0:03:17]} 25. Nd3 {[%emt 0:03:41]} c4 {[%emt 0:00:57]} 26. Nf2 {[%emt 0:02:24]} cxb3 {[%emt 0:15:07]} 27. cxb3 {[%emt 0:00:14]} Ne7 {[%emt 0:00:03]} 28. Ng4 {[%emt 0:01:17]} Rbd8 {[%emt 0:01:20]} 29. Bxc6 {[%emt 0:10:10]} Nxc6 {[%emt 0:00:01]} 30. Rc1 {[%emt 0:01:15]} Nb4 {[%emt 0:05:23]} 31. Rc7 {[%emt 0:03:20]} Kg7 {[%emt 0:00:41]} 32. Nf6 {[%emt 0:04:18]} Nd5 {[%emt 0:06:43]} 33. Rb7 {[%emt 0:01:28]} Rb8 {[%emt 0:03:57]} 34. Rxb8 {[%emt 0:00:36]} Rxb8 {[%emt 0:00:02]} 35. Ne4 {[%emt 0:00:36]} b4 {[%emt 0:04:08]} 1/2-1/2

[Event "22nd OIBM 2018"]
[Site "Gmund am Tegernsee"]
[Date "2018.10.29"]
[Round "3"]
[White "Demchenko, Anton"]
[Black "Schatz, Christian"]
[Result "1-0"]
[WhiteElo "2679"]
[BlackElo "2153"]
[Annotator "TA"]
[PlyCount "81"]
[EventDate "2018.10.27"]
[EventType "swiss"]
[EventCountry "GER"]
[SourceTitle "playchess.com"]
[Source "ChessBase"]
[SourceQuality "1"]

{[%evp 16,81,55,43,60,34,65,50,72,50,52,56,108,100,106,100,187,207,277,269,270,267,258,260,286,258,281,269,302,262,272,225,250,213,258,237,652,641,697,681,690,687,680,679,732,715,832,801,1022,1017,1000,979,936,910,976,962,1387,1379,1349,1362,1316,1327,29984,29984,29985,29986,29992,29993]} 1. e4 g6 2. d4 Bg7 3. Nc3 d6 4. Be3 Nf6 5. f3 c6 6. Qd2 h5 7. O-O-O b5 {B07: Pirc Defence: Miscellaneous Systems} (7... Qa5 8. Kb1 Nbd7 9. Nh3 Nf8 10. e5 Nd5 11. Nxd5 Qxd2 12. Bxd2 cxd5 13. Nf4 e6 14. exd6 Bxd4 15. c4 dxc4 16. Bxc4 {1-0 (25) Demchenko,A (2660)-Saavedra,C (2143) Arica 2017}) 8. Kb1 b4 9. Nce2 {[%cal Bc3e2,Be2c1,Bc1a2][%mdl 32] LiveBook: 3 Games} Qa5 {White is slightly better.} 10. Nc1 Ba6 $146 ({Predecessor:} 10... Nbd7 11. Nh3 Rb8 12. Nf2 Qc7 13. g4 a5 14. Be2 {½-½ (43) Hvenekilde,J (2290)-Fries Nielsen,J (2420) Aarhus 1984}) 11. Nge2 {[%cal Bg1e2,Be2d4,Bd4c6][%mdl 32]} Nbd7 {[#]} 12. a3 $1 {[%mdl 512]} Rb8 (12... bxa3 13. Qxa5) 13. Na2 {[%cal Ra2b4]} c5 (13... Bc4 $14) 14. dxc5 $16 dxc5 15. axb4 cxb4 {[#]} (15... Qc7 $16 {might work better.}) 16. Nd4 $1 $18 {[%cal Rd4c6] Black must now prevent Nc6.} Qa4 17. b3 Qa3 18. Bxa6 Qxa6 19. Nxb4 Qb7 20. Ndc6 O-O 21. Nxb8 Rxb8 22. Na2 a5 23. Bd4 a4 {[#]} 24. b4 $1 Nb6 25. Qd3 Rd8 $2 (25... Ne8 26. c4 Bxd4) 26. Qb5 Rb8 27. Qxb6 Qxb6 28. Bxb6 Rxb6 29. Rd8+ Kh7 30. c4 h4 31. c5 Rc6 32. Rc1 Bh6 33. b5 Rc7 34. Rc2 Be3 35. c6 Nh5 36. Nb4 Nf4 37. Na6 Ra7 38. c7 Rb7 39. c8=Q {White mates.} Rxb5+ 40. Ka2 Rb2+ 41. Rxb2 {Precision: White = 88%, Black = 33%.} 1-0

[Event "22nd OIBM 2018"]
[Site "Gmund am Tegernsee"]
[Date "2018.10.29"]
[Round "3"]
[White "Moiseenko, Alexander"]
[Black "Bellia, Fabrizio"]
[Result "0-1"]
[WhiteElo "2648"]
[BlackElo "2448"]
[Annotator "TA"]
[PlyCount "72"]
[EventDate "2018.10.27"]
[EventType "swiss"]
[EventCountry "GER"]
[SourceTitle "playchess.com"]
[Source "ChessBase"]
[SourceQuality "1"]

{[%evp 15,72,13,32,0,11,0,11,-22,-13,-32,-25,-29,-17,-13,0,0,0,-116,-119,-123,-67,-123,-113,-339,-338,-314,-75,-155,-167,-284,-273,-325,-321,-345,-343,-343,-329,-272,-150,-216,-206,-256,-246,-609,-579,-29987,-29988,-2063,-883,-1348,-1348,-1245,-1245,-29997,-1639,-1743,-1743,-2574,-2372]} 1. d4 Nf6 2. c4 e6 3. Nf3 d5 4. Nc3 Be7 5. Bf4 O-O 6. a3 {D37: Queen's Gambit Declined: 5 Bf4} (6. e3 b6 7. Bd3 dxc4 8. Bxc4 Ba6 9. Qe2 Bxc4 10. Qxc4 c5 11. dxc5 bxc5 12. O-O Nc6 13. Rac1 Rc8 14. Ne5 Qb6 15. Nxc6 Rxc6 {1-0 (97) Carlsen,M (2842)-Nakamura,H (2777) Saint Louis 2018}) 6... b6 7. Qc2 c5 8. Rd1 Nc6 {LiveBook: 4 Games} 9. dxc5 bxc5 10. e3 Qa5 11. cxd5 Nxd5 12. Bd3 Nxf4 $146 ({Predecessor:} 12... h6 13. Ne5 Nxf4 14. Nxc6 Nxd3+ 15. Qxd3 {1-0 (27) Gagare,S (2502)-Bhakti,K (2317) Dubai 2018}) 13. Bxh7+ Kh8 14. exf4 f5 15. Bg6 {Black must now prevent Qe2.} Ba6 $1 16. h4 {[#]} (16. Rd2 $11 {keeps the balance.} Kg8 17. Qb3) 16... Bf6 $1 $17 17. Rd2 Ne7 $36 {[%mdl 2048] Black has the initiative.} (17... Rad8 $17 18. Ng5 Rxd2 19. Qxd2 Rb8) 18. h5 (18. Bh5 $1 $15) 18... Rad8 19. Ne5 $2 (19. Rxd8 $17 {keeps fighting.} Rxd8 20. Ng5 Bxg5 21. fxg5) 19... Bxe5 $19 20. fxe5 {Strongly threatening Rd6.} Qc7 $2 (20... Rd4 $19 {is more deadly. And now ...Rfd8 would win.} 21. Ne2 Bxe2 22. Kxe2 Nc6) 21. f4 (21. Rxd8 $142 Rxd8 22. f4) 21... Rd4 $17 22. Ne2 (22. Kd1 $142) 22... Rxd2 $19 23. Kxd2 Qc6 24. Rg1 {[#]} Rd8+ $1 25. Kc1 Bd3 26. Qd2 Qd5 (26... Qb6 $19 {Threatens to win with ...Be4.} 27. Rd1 c4) 27. Nc3 (27. Rd1 $17) 27... Qd4 {[%mdl 1024] Black has strong compensation.} 28. Rd1 Nc6 {...Qc4 is the strong threat.} 29. g4 $2 (29. b3 Na5 30. Kb2) 29... Qc4 (29... Na5 30. Qxd3 Qxf4+ 31. Kb1 $11) 30. Qh2 {Hoping for h6.} Nd4 {[%cal Rd4b3]} 31. Rd2 Nf3 (31... Be4 $142 32. Rxd4 cxd4) 32. Qg3 Nxd2 33. Kxd2 Be4+ 34. Kc1 Rd3 (34... Qf1+ $142 35. Qe1 Qxe1+ 36. Nd1 Rxd1#) 35. Qe1 Rf3 36. gxf5 Rf1 {Precision: White = 15%, Black = 67%.} 0-1

[Event "22nd OIBM 2018"]
[Site "Gmund am Tegernsee"]
[Date "2018.10.29"]
[Round "3"]
[White "Iturrizaga Bonelli, Eduardo"]
[Black "Carow, Johannes"]
[Result "1/2-1/2"]
[WhiteElo "2636"]
[BlackElo "2439"]
[Annotator "TA"]
[PlyCount "120"]
[EventDate "2018.10.27"]
[EventType "swiss"]
[EventCountry "GER"]
[SourceTitle "playchess.com"]
[Source "ChessBase"]
[SourceQuality "1"]

{[%evp 21,120,16,48,47,56,42,50,39,99,100,111,62,71,64,64,66,64,59,85,51,56,35,47,44,41,34,27,19,36,20,13,23,27,0,0,0,53,0,0,0,38,27,26,0,18,25,45,30,45,45,45,45,45,45,73,25,25,32,27,40,40,0,6,6,6,6,6,0,6,6,6,6,6,0,0,0,0,0,0,0,0,0,0,0,0,0,0,0,0,-84,0,-73,0,-66,0,-31,0,-29,0,0,0]} 1. Nf3 c5 2. c4 Nc6 3. d4 cxd4 4. Nxd4 Qb6 5. Nb3 Nf6 6. Nc3 e6 7. a3 Be7 {A31: Symmetrical English: 2 Nf3 Nf6 3 d4} 8. e4 O-O 9. Be3 Qc7 10. Be2 b6 11. O-O Ba6 {LiveBook: 5 Games} 12. f4 d6 13. Rc1 Rac8 14. Nd2 Qb8 (14... e5 $14) 15. b4 {[%cal Bb2b4,Bb4b5][%mdl 32] Black must now prevent b5.} Bb7 {[#]} 16. Bf3 $146 ({Predecessor:} 16. Bd3) 16... Nd7 17. Nb3 a5 18. b5 Na7 19. Na4 Ba8 20. Qe2 Rcd8 21. Rc3 Rfe8 22. Qf2 {[%cal Ra4b6]} Nc8 23. Bd4 Nc5 24. Bxc5 dxc5 25. e5 Bxf3 26. Qxf3 Qc7 27. Re3 Bf8 28. g4 Rd7 (28... Ne7 $11) 29. h3 (29. Nc3 $14) 29... Red8 30. Nb2 Qb7 31. Qxb7 Rxb7 32. Na4 Rbd7 33. Kf2 Rd3 34. Ke2 Rxe3+ 35. Kxe3 f6 36. Nd2 Be7 {Black wants to play ...fxe5.} 37. Nf3 Rd7 38. Ke2 Bd8 39. Nc3 Ne7 40. exf6 gxf6 41. Ne4 Kg7 42. Ng3 Bc7 43. Nh5+ Kf7 44. Ke3 Rd8 45. a4 h6 46. Rg1 Bb8 47. Ng3 Bc7 48. h4 f5 49. g5 Ng6 50. Ne2 {aiming for h5.} h5 51. Rf1 Ke7 52. Rh1 Kf7 53. Rg1 Bb8 54. Rf1 Bc7 55. Rh1 (55. Rg1 $11) 55... Bb8 (55... e5 $17 {Hoping for ...e4.} 56. fxe5 Bxe5) 56. Ra1 (56. Rg1 $11) 56... Bc7 ({Black should try} 56... e5 $17 {...e4 is the strong threat.} 57. fxe5 Bxe5) 57. Rb1 (57. Rf1 $11) 57... Bb8 ({Black should play} 57... e5 $15 58. fxe5 Bxe5) 58. Rc1 Bc7 59. Re1 Bb8 60. Rf1 Bc7 {Precision: White = 48%, Black = 52%.} 1/2-1/2

[Event "22nd OIBM 2018"]
[Site "Gmund am Tegernsee"]
[Date "2018.10.29"]
[Round "3"]
[White "Firouzja, Alireza"]
[Black "Schoen, Rudolf"]
[Result "1-0"]
[WhiteElo "2600"]
[BlackElo "1997"]
[Annotator "RC"]
[PlyCount "51"]
[EventDate "2018.10.27"]
[EventType "swiss"]
[EventCountry "GER"]
[SourceTitle "playchess.com"]
[Source "ChessBase"]
[SourceQuality "1"]
[TimeControl "40/5400+30:1800+30"]

1. e4 {[%emt 0:00:13]} c5 {[%emt 0:00:00]} 2. Nf3 {[%emt 0:00:08]} Nc6 {[%emt 0:00:07]} 3. Bb5 {[%emt 0:00:27]} g6 {[%emt 0:01:41]} 4. Bxc6 {[%emt 0:00:28]} dxc6 {[%emt 0:02:43]} 5. h3 {[%emt 0:00:09]} Nf6 {[%emt 0:01:10]} 6. Nc3 {[%emt 0:02:45]} Bg7 {[%emt 0:00:31]} 7. d3 {[%emt 0:00:08]} O-O {[%emt 0:01:20]} 8. Be3 {[%emt 0:00:16]} b6 {[%emt 0:01:25]} 9. Qd2 {[%emt 0:00:20]} Re8 {[%emt 0:04:18]} 10. Bh6 {[%emt 0:01:20]} Bh8 {[%emt 0:01:52]} 11. e5 {[%emt 0:01:56]} Nd5 {[%emt 0:01:05]} 12. Ne4 {[%emt 0:01:41]} Bf5 {[%emt 0:09:23]} 13. Ng3 {[%emt 0:04:26]} Bd7 {[%emt 0:05:02]} 14. O-O {[%emt 0:05:09]} Qc7 {[%emt 0:16:11]} 15. c4 {[%emt 0:02:02]} Nb4 {[%emt 0:02:02]} 16. a3 {[%emt 0:00:33]} Na6 {[%emt 0:00:31]} 17. Qf4 {[%emt 0:00:08]} f6 {[%emt 0:06:35]} 18. Rfe1 {[%emt 0:01:40]} Rad8 {[%emt 0:02:01]} 19. Re3 {[%emt 0:05:24]} Qb8 {[%emt 0:06:07]} 20. Rae1 {[%emt 0:02:15]} Nc7 {[%emt 0:01:06]} 21. exf6 {[%emt 0:00:29]} exf6 {[%emt 0:02:14]} 22. Re7 {[%emt 0:00:25]} Qc8 {[%emt 0:03:30]} 23. Nh5 {[%emt 0:08:14]} f5 {[%emt 0:04:13]} 24. Bg7 {[%emt 0:00:44]} gxh5 {[%emt 0:03:17]} 25. Bxh8 {[%emt 0:00:43]} Rxe7 {[%emt 0:00:42]} 26. Rxe7 {[%emt 0:00:21]} 1-0